Archivo fotográfico Banco de España, 1874-2023 / (Registro nro. 195976)

Detalles MARC
000 -LEADER
campo de control de longitud fija 02533nam a2200385 i 4500
001 - NÚMERO DE CONTROL
campo de control 195976
003 - IDENTIFICADOR DE NÚMERO DE CONTROL
campo de control ES-MaACL
005 - FECHA Y HORA DE LA ÚLTIMA TRANSACCIÓN
campo de control 20250903094533.0
008 - DATOS DE LONGITUD FIJA--INFORMACIÓN GENERAL
campo de control de longitud fija 240731s2024 sp | |||| 000 0 spa
015 ## - NÚMERO DE BIBLIOGRAFÍA NACIONAL
Número de bibliografía nacional MON24
017 ## - NÚMERO DE COPYRIGHT O DE DEPÓSITO LEGAL
Número de copyright o de depósito legal M 35277-2032
Agencia que asigna Oficina Depósito Legal Madrid
020 ## - NÚMERO INTERNACIONAL ESTÁNDAR DEL LIBRO
Número Internacional Estándar del Libro 9788409565115
035 ## - NÚMERO DE CONTROL DEL SISTEMA
Número de control de sistema (SpMaBN)a7473727
040 ## - FUENTE DE CATALOGACIÓN
Centro catalogador/agencia de origen SpMaBN
Lengua de catalogación spa
Centro/agencia transcriptor SpMaBN
Normas de descripción rda
Centro/agencia modificador ES-MaACL
100 1# - ENTRADA PRINCIPAL--NOMBRE DE PERSONA
Nombre de persona Serrano García, Elena,
Fechas asociadas al nombre 1963-
Término indicativo de función/relación Editor
9 (RLIN) 237844
245 1# - MENCIÓN DEL TÍTULO
Título Archivo fotográfico Banco de España, 1874-2023 /
Mención de responsabilidad, etc. María de Inclán Sánchez, Elena Serrano García, Patricia Alonso del Torno (coordinadores)
264 #1 - PRODUCCIÓN, PUBLICACIÓN, DISTRIBUCIÓN, FABRICACIÓN Y COPYRIGHT
Nombre del de productor, editor, distribuidor, fabricante Banco de España,
Fecha de producción, publicación, distribución, fabricación o copyright 2024
300 ## - DESCRIPCIÓN FÍSICA
Extensión 496 páginas ;
Dimensiones 30 cm
336 ## - TIPO DE CONTENIDO
Término de tipo de contenido Texto
Fuente rdacontent
337 ## - TIPO DE MEDIO
Nombre/término del tipo de medio sin mediación
Fuente rdamedia
338 ## - TIPO DE SOPORTE
Nombre/término del tipo de soporte volumen
Fuente rdacarrier
500 0# - NOTA GENERAL
Nota general Serrano García, Elena, director de la publicación; Alonso, Patricia, director de la publicación
520 ## - RESUMEN, ETC.
Sumario, etc. El catálogo Archivo Fotográfico Banco de España, 1874-2023 en su doble versión papel y webAbre en nueva ventana, saca a la luz el resultado del trabajo de recuperación y catalogación que el Archivo Histórico del Banco de España ha hecho durante casi una década de su fondo fotográfico. El catálogo en ambas versiones, papel y web, contiene más de 500 fotografías realizadas por un elenco de más de 120 fotógrafos que recorren los últimos 150 años de historia del Banco de España y de nuestro país.<br/><br/>Archivo Fotográfico Banco de España, 1874-2023 cuenta con un texto introductorio escrito por Elena Serrano García y Patricia Alonso del Torno. El libro se estructura en tres capítulos sobre arquitectura, retratos de empleados y actos públicos, que están encabezados por artículos de tres especialistas en las materias.
530 ## - NOTA DISPONIBLE DE FORMULARIO FÍSICO ADICIONAL
Nota de formato físico adicional disponible Versión digital disponible: https://coleccion.bde.es/f/webca/ADS/Publicaciones/ArchivoFotograficoBDE1874_2023.pdf
655 #7 - TERMINO DE INDIZACIÓN--GENERO/FORMA
Datos o término principal de género/forma Catálogos de archivos
Fuente del término
9 (RLIN) 236648
655 #7 - TERMINO DE INDIZACIÓN--GENERO/FORMA
Fuente del término tgfbne
Datos o término principal de género/forma Libros ilustrados
9 (RLIN) 193653
700 1# - ENTRADA AGREGADA--NOMBRE PERSONAL
Nombre de persona Alonso del Torno, Patricia
9 (RLIN) 238711
Término indicativo de función/relación Autor
852 ## - LOCALIZACIÓN
Ubicación ES-MaACL
Ubicación en estantería Depósito J
Número de control de estantería N-10142
Encuadernación Encuadernación rústica con solapas
Donativo/Legado Donación: Editorial
itemnumber 206273
856 ## - LOCALIZACIÓN Y ACCESO ELECTRÓNICOS
Método de acceso https://coleccion.bde.es/f/webca/ADS/Publicaciones/ArchivoFotograficoBDE1874_2023.pdf
Texto de enlace Versión digital en línea
942 ## - ELEMENTOS DE ENTRADA SECUNDARIOS (KOHA)
Tipo de ítem Koha Libro impreso
Suprimir en OPAC No
Existencias
Estatus retirado Estado de pérdida Fuente del sistema de clasificación o colocación Estado de daño No para préstamo Biblioteca de origen Biblioteca actual Ubicación en estantería Fecha de adquisición Fuente de adquisición Total de préstamos Signatura topográfica completa Código de barras Visto por última vez Precio de reemplazo Tipo de ítem Koha
    Clasificación decimal universal     Biblioteca del Ateneo de Madrid Biblioteca del Ateneo de Madrid Depósito J 19/07/2025 Donación   N-10142 2025-0657 19/07/2025 19/07/2025 Libro impreso